000 00326 a2200109 4500
001 ART_31211
005 20260410161706.0
008 260409a
245 1 0 _aEl recupero de IVA por exportaciones a Tierra del Fuego
100 1 _aOklander, Juan
773 0 _tRevista Impuestos
_g- NÂș 22 (nov. 2007)
_wREV639
999 _c15642
_d15642